| 000 | 00725nam a2200229Ia 4500 | ||
|---|---|---|---|
| 003 | OSt | ||
| 005 | 20220925182506.0 | ||
| 006 | a|||||r|||| 00| 0 | ||
| 007 | ta | ||
| 008 | 220923b |||||||| |||| 00| 0 eng d | ||
| 037 | _cGeneral Book | ||
| 040 |
_aRTL _cRTL _beng |
||
| 041 |
_2eng _aeng |
||
| 082 | _aX9(J):51.44Q71.N7, L3 | ||
| 100 |
_aRahman Khandker Mahmudur _9256511 |
||
| 245 | 0 | _aDevelopment of agricultural marketing in Banglades | |
| 260 |
_aComilla _bBangladesh Academy for Rural Development _c1973 |
||
| 300 |
_a135p. Bib p. 127-35 _ccm. |
||
| 650 | _aAgricultural Industry | ||
| 942 |
_hX9(J):51.44Q71.N7, L3 _cGB _2CC |
||
| 999 |
_c502372 _d502372 |
||